Exportní příležitosti: Kolumbie
Charakteristika trhu. Obchodné vzťahy ČR a Kolumbie. Obchodné príležitosti. Pomoc pri vstupe na kolumbijský trh.
Salvato in:
| Autore principale: | |
|---|---|
| Natura: | Capitolo di libro |
| Lingua: | ceco |
| Soggetti: | |
| Tags: |
Nessun Tag, puoi essere il primo ad aggiungerne!!
|
MARC
| LEADER | 00000naa a2200000 4500 | ||
|---|---|---|---|
| 001 | r048680 | ||
| 005 | 20230908091433.0 | ||
| 041 | 0 | |a cze | |
| 044 | |a CZ | ||
| 245 | 1 | 0 | |a Exportní příležitosti: Kolumbie |c František Kohák |
| 520 | |a Charakteristika trhu. Obchodné vzťahy ČR a Kolumbie. Obchodné príležitosti. Pomoc pri vstupe na kolumbijský trh. | ||
| 610 | 2 | 0 | |a obchod zahraničný |
| 610 | 2 | 0 | |a styk zahraničnoobchodný |
| 610 | 2 | 0 | |a trh zahraničný |
| 610 | 2 | 0 | |a informácie obchodno-ekonomické |
| 610 | 2 | 0 | |a vývoz |
| 610 | 2 | 0 | |a vzťahy hospodárske vonkajšie |
| 610 | 2 | 0 | |a Kolumbia |
| 610 | 2 | 0 | |a Česko |
| 100 | 1 | |a Kohák, František | |